Normal view
MARC view
- Rana Rohit And Yadav Dhinu
Entry Personal Name
001 - CONTROL NUMBER
- control field: 40326
003 - CONTROL NUMBER IDENTIFIER
- control field: OSt
005 - DATE AND TIME OF LATEST TRANSACTION
- control field: 20260509154853.0
008 - FIXED-LENGTH DATA ELEMENTS
- fixed length control field: 260509|| aca||aabn | a|a d
040 ## - CATALOGING SOURCE
- Original cataloging agency: OSt
- Transcribing agency: OSt
100 ## - HEADING--PERSONAL NAME
- Personal name: Rana Rohit And Yadav Dhinu
670 ## - SOURCE DATA FOUND
- Source citation: Work cat.: (OSt)90293: Rana Rohit And Yadav Dhinu , Biopesticides & Biofertilizers, 2025




